[Event "AUTO-INT-1294"]
[Site "http://www.queenalice.com/game.php?id=583243"]
[Date "2009.5.5"]
[Round "1"]
[White "erivaldoadao"]
[Black "Montealto"]
[Result "0-1"]
[WhiteElo "1658"]
[BlackElo "1701"]

1. e4 e5 2. Nf3 Nc6 3. Bb5 Nf6 4. d3 Nd4 5. Nxd4 exd4 6. Bg5 Be7 7. Bxf6 Bxf6 8.
O-O O-O 9. f4 c6 10. Bc4 Qb6 11. b3 Rd8 12. Nd2 d5 13. exd5 cxd5 14. Bxd5 Rxd5
15. Ne4 Be7 16. c4 Rd8 17. a4 Bb4 18. Kh1 f5 19. Ng3 Bd7 20. Qh5 Rf8 21. h3 Qg6
22. Qxg6 hxg6 23. Ne2 Bc5 24. Rfb1 a5 25. Ng1 Bc6 26. Ne2 Rfe8 27. Ng3 Re3 28.
Kh2 g5 29. Nxf5 Rxd3 30. Ra2 gxf4 31. Rf2 f3 32. g3 Rf8 33. Nh4 Rf6 0-1

[Event "AUTO-INT-1294"]
[Site "http://www.queenalice.com/game.php?id=583244"]
[Date "2009.5.5"]
[Round "1"]
[White "Montealto"]
[Black "erivaldoadao"]
[Result "1-0"]
[WhiteElo "1684"]
[BlackElo "1697"]

1. d4 d5 2. Nc3 Nf6 3. Bf4 e6 4. f3 Bb4 5. Qd3 O-O 6. O-O-O Nc6 7. e4 dxe4 8.
fxe4 Bxc3 9. bxc3 Nh5 10. Nh3 Nxf4 11. Nxf4 a6 12. d5 exd5 13. Nxd5 Ne5 14. Qg3
c6 15. Ne3 Qe7 16. Nf5 Bxf5 17. exf5 Qa3+ 18. Kb1 Qc5 19. f6 g6 20. c4 Nxc4 21.
Bxc4 Qxc4 22. h4 Qb4+ 23. Qb3 Qxb3+ 24. axb3 h5 25. Rd7 b5 26. Rg1 c5 27. g4 c4
28. gxh5 Kh7 29. hxg6+ Kh6 30. g7 cxb3 31. gxf8=Q+ Rxf8 32. cxb3 Kh5 33. Rd2 1-0

[Event "AUTO-INT-1294"]
[Site "http://www.queenalice.com/game.php?id=583259"]
[Date "2009.5.5"]
[Round "1"]
[White "Montealto"]
[Black "prof_zeco"]
[Result "1-0"]
[WhiteElo "1625"]
[BlackElo "1707"]

1. e4 e5 2. Bc4 c6 3. Nf3 Qf6 4. d4 Bd6 5. Bg5 Qg6 6. h4 Qxe4+ 7. Qe2 Qxe2+ 8.
Bxe2 Ne7 9. dxe5 Bc5 10. O-O Nf5 11. c3 O-O 12. Nbd2 b5 13. g4 Ne7 14. b4 h6 15.
bxc5 hxg5 16. Nxg5 Ng6 17. Ndf3 Re8 18. c4 Nxe5 19. Nxe5 Rxe5 20. Rfe1 Rxc5 21.
cxb5 f6 22. Bc4+ 1-0

[Event "AUTO-INT-1294"]
[Site "http://www.queenalice.com/game.php?id=583260"]
[Date "2009.5.5"]
[Round "1"]
[White "prof_zeco"]
[Black "Montealto"]
[Result "1-0"]
[WhiteElo "1690"]
[BlackElo "1688"]

1. d4 d6 2. e4 f5 3. Bc4 fxe4 4. Nc3 Bf5 5. f3 Nf6 6. Bg5 h6 7. Bxf6 gxf6 8.
fxe4 Bg6 9. Nf3 f5 10. Nh4 Bh7 11. Qh5+ Kd7 12. Qf7 Bg8 13. Be6+ Kc6 14. d5+ Kb6
15. Qxf5 Bxe6 16. dxe6 c5 17. O-O-O Na6 18. e5 Kc7 19. exd6+ exd6 20. Nd5+ Kc6
21. Ng6 Rh7 22. Nxf8 Rg7 23. Nd7 Qg5+ 24. Qxg5 Rxg5 25. N5f6 Nc7 26. a4 Ne8 27.
Ne4 Rxg2 28. Ndf6 Nxf6 29. Nxf6 Re2 30. Rde1 Rf2 31. Ng4 Rf4 32. Nxh6 Rxa4 33.
e7 Kd7 34. Nf5 Rg4 35. Nxd6 Kxd6 36. e8=Q Rxe8 37. Rxe8 Ra4 38. Rd1+ Kc6 39.
Rc8+ Kb6 40. Rd6+ Kb5 41. c3 Rh4 42. Rd5 b6 43. b4 Rc4 44. Kb2 a5 45. bxa5 Kxa5
46. Kc2 Ka6 47. Rc6 Kb7 48. Rdd6 Rh4 49. Rxb6+ Ka7 50. Rb1 Rxh2+ 51. Kd3 Rh4 52.
Rd7+ Ka6 53. Rdb7 c4+ 54. Ke2 Rh3 55. R7b4 Ka5 56. Rxc4 1-0

[Event "AUTO-INT-1294"]
[Site "http://www.queenalice.com/game.php?id=583261"]
[Date "2009.5.5"]
[Round "1"]
[White "Montealto"]
[Black "wgiovanini"]
[Result "1-0"]
[WhiteElo "1710"]
[BlackElo "1392"]

1. e4 e5 2. Bc4 Bc5 3. Nf3 Nc6 4. O-O Nf6 5. d3 d6 6. Ng5 O-O 7. c3 Qe7 8. b4
Bg4 9. Qa4 Nd4 10. cxd4 Bxd4 11. Nc3 Bxc3 12. Rb1 c6 13. b5 Rad8 14. Qxa7 d5 15.
Ba3 Ra8 16. Bxe7 Rxa7 17. Bxf8 Kxf8 18. Bb3 h6 19. f3 hxg5 20. fxg4 dxe4 21.
dxe4 Nxe4 22. Rxf7+ Kg8 23. Rxb7+ Kh8 24. Rxa7 cxb5 25. Bf7 Kh7 26. Rxb5 Bd4+
27. Kf1 Nd2+ 28. Ke2 Bc3 29. Ra8 Ne4 30. Rb6 Nd2 31. Bg6+ Kh6 32. Bf5+ g6 33.
Bxg6 Bd4 34. Rd6 Nc4 35. Re6 Bc3 36. Bf5+ 1-0

[Event "AUTO-INT-1294"]
[Site "http://www.queenalice.com/game.php?id=583262"]
[Date "2009.5.5"]
[Round "1"]
[White "wgiovanini"]
[Black "Montealto"]
[Result "0-1"]
[WhiteElo "1396"]
[BlackElo "1706"]

1. e4 e5 2. Nf3 Nc6 3. Nc3 Nd4 4. Nxd4 exd4 5. Nd5 g5 6. d3 c6 7. Qg4 cxd5 8.
Bxg5 Nh6 9. Qh4 Qa5+ 10. Bd2 Qb5 11. O-O-O Qa4 12. a3 b5 13. exd5 Ng8 14. Bg5
Be7 15. Re1 Kd8 16. Bxe7+ Kc7 17. Bf6 Nxf6 18. Qf4+ Kb7 19. Qxf6 Qa5 20. Be2 Qd8
21. Qxd4 d6 22. a4 a6 23. b3 Bd7 24. Bg4 Bxg4 25. Qxg4 Rg8 26. Qf3 Qg5+ 27. Re3
Qxg2 28. Qxg2 Rxg2 29. Re7+ Kb6 30. Rd7 Rxf2 31. Rxd6+ Kc7 32. Rc6+ Kd7 33. Rh6
Rf4 34. Rxh7 bxa4 35. bxa4 Rxa4 36. Kd2 Rf8 37. Rf1 Ke7 0-1

[Event "AUTO-OPEN-1540"]
[Site "http://www.queenalice.com/game.php?id=583295"]
[Date "2009.5.5"]
[Round "1"]
[White "CCapivara"]
[Black "Montealto"]
[Result "1-0"]
[WhiteElo "2088"]
[BlackElo "1694"]

1. e4 e5 2. f4 exf4 3. Nf3 Bc5 4. d4 Bb6 5. Bc4 Ba5+ 6. c3 g5 7. O-O Qe7 8. Ne5
Nh6 9. Qh5 Qf6 10. a4 d6 11. Nf3 Rg8 12. e5 Qg6 13. Qxg6 Rxg6 14. b4 Bb6 15. a5
d5 16. Bd3 g4 17. axb6 gxf3 18. Bxg6 hxg6 19. Rxa7 fxg2 20. Kxg2 Na6 21. Rxa8
Kd7 22. b5 cxb6 23. bxa6 bxa6 24. Bxf4 Nf5 25. Nd2 Kc7 26. e6+ 1-0

[Event "AUTO-OPEN-1540"]
[Site "http://www.queenalice.com/game.php?id=583296"]
[Date "2009.5.5"]
[Round "1"]
[White "Montealto"]
[Black "CCapivara"]
[Result "0-1"]
[WhiteElo "1708"]
[BlackElo "2096"]

1. e4 d6 2. d4 c6 3. c4 Nf6 4. Nc3 Qa5 5. f3 e5 6. d5 cxd5 7. cxd5 Be7 8. Bb5+
Bd7 9. Qa4 Qxa4 10. Bxa4 Bxa4 11. Nxa4 O-O 12. Be3 Nbd7 13. b4 Rfc8 14. Ne2 Rc2
15. g4 Rac8 16. Rc1 Rxc1+ 17. Nxc1 b5 18. Nb2 a6 19. O-O Rc2 20. Nbd3 Bd8 21. g5
Ne8 22. h4 Bb6 23. Bxb6 Nxb6 24. Rf2 Rxf2 25. Nxf2 Kf8 26. h5 Ke7 27. Nh3 f6 28.
g6 hxg6 29. hxg6 Nc4 30. Kf2 Nc7 31. f4 exf4 32. Nxf4 Ne5 33. Kg3 f5 34. exf5
Kf6 35. Ne6 Nxd5 36. Nd4 Nxb4 37. Kf4 Ned3+ 38. Nxd3 Nxd3+ 39. Ke4 Nb4 40. a3
d5+ 41. Ke3 Na2 42. Kd3 Ke5 43. Kc2 b4 44. Kb3 Nc3 45. Kxb4 Ne4 46. a4 Kxd4 47.
Ka5 Ke5 48. Kxa6 Nc5+ 49. Kb5 Nxa4 50. Kxa4 Kxf5 51. Kb5 d4 52. Kc4 Ke4 53. Kc5
d3 0-1

[Event "AUTO-OPEN-1540"]
[Site "http://www.queenalice.com/game.php?id=583319"]
[Date "2009.5.5"]
[Round "1"]
[White "Montealto"]
[Black "DrIgO"]
[Result "1-0"]
[WhiteElo "1692"]
[BlackElo "1594"]

1. e4 d5 2. Nc3 d4 3. Na4 Na6 4. Bxa6 bxa6 5. c4 d3 6. Nc5 Qd4 7. Qa4+ Kd8 8.
Qc6 Rb8 9. Nf3 Qxc4 10. Ne5 Rb6 11. Nb7+ Rxb7 12. Qxc4 Nf6 13. Nxf7+ Ke8 14.
Nxh8 Rb6 15. Qf7+ Kd7 16. Qxf8 Nxe4 17. Qf5+ Re6 18. O-O Kd6 19. Nf7+ Kc6 20.
Nd8+ Kd7 21. Nxe6 Kd6 22. Qe5+ Kd7 23. Qxe4 a5 24. Qd5+ Ke8 25. f4 a4 26. f5 g6
27. fxg6 Bxe6 28. Qxe6 c5 29. Qc8# 1-0

[Event "AUTO-OPEN-1540"]
[Site "http://www.queenalice.com/game.php?id=583320"]
[Date "2009.5.5"]
[Round "1"]
[White "DrIgO"]
[Black "Montealto"]
[Result "0-1"]
[WhiteElo "1680"]
[BlackElo "1684"]

1. d4 d5 2. b3 Nc6 3. Nc3 Nf6 4. Bb2 Bf5 5. Nf3 e6 6. Nb5 Nb4 7. Ne5 Nxc2+ 8.
Kd2 Nxa1 9. Qxa1 Ne4+ 10. Ke1 Bb4+ 11. Nc3 Qg5 12. e3 c5 13. Bb5+ Ke7 14. g3
cxd4 15. f4 dxc3 16. a3 cxb2+ 17. axb4 bxa1=Q+ 18. Ke2 Qxh1 19. fxg5 Qxh2+ 20.
Kd3 Qd2# 0-1

[Event "AUTO-OPEN-1540"]
[Site "http://www.queenalice.com/game.php?id=583321"]
[Date "2009.5.5"]
[Round "1"]
[White "Montealto"]
[Black "ppaazziinnii"]
[Result "0-1"]
[WhiteElo "1708"]
[BlackElo "1518"]

1. e4 c5 2. Nf3 d6 3. Bc4 g6 4. O-O Bg7 5. d4 cxd4 6. Nxd4 Nf6 7. Nc3 Nc6 8. h3
O-O 9. f4 e5 10. fxe5 dxe5 11. Nxc6 bxc6 12. b4 Qb6+ 13. Kh1 Qxb4 14. Qd3 Bb7
15. Rb1 Qe7 16. Ba6 Bxa6 17. Qxa6 c5 18. Rb7 Qe6 19. Qa3 Qc4 20. Re1 Nh5 21. Ne2
Qxe4 22. Rc7 Qxc2 23. Rxc5 Qf5 24. Rc7 Qf2 25. Re7 Qxe1+ 26. Ng1 e4 27. Rxa7
Rxa7 28. Qxa7 Qxc1 29. a4 Be5 30. g4 Qc2 31. Nf3 exf3 32. Qg1 Ng3+ 0-1

[Event "AUTO-OPEN-1540"]
[Site "http://www.queenalice.com/game.php?id=583322"]
[Date "2009.5.5"]
[Round "1"]
[White "ppaazziinnii"]
[Black "Montealto"]
[Result "1-0"]
[WhiteElo "1602"]
[BlackElo "1706"]

1. e4 e5 2. Nf3 Nc6 3. Nc3 Nd4 4. Nxe5 d6 5. Nf3 c5 6. b3 Nf6 7. Bb2 Qe7 8. Bc4
Be6 9. O-O Bxc4 10. bxc4 Nxe4 11. Re1 f5 12. Nd5 Qd7 13. Nxd4 cxd4 14. Bxd4 Kd8
15. Bb6+ Kc8 16. Bxa7 Qd8 17. Nb6+ Kc7 18. Nxa8+ Qxa8 19. Bd4 b6 20. h3 d5 21.
d3 Nf6 22. a4 Bb4 23. Re6 Nd7 24. Qf3 dxc4 25. Be5+ Nxe5 26. Rxe5 Qxf3 27. gxf3
Bc3 28. Re7+ Kd8 29. Rae1 Bxe1 30. Rxe1 c3 31. d4 Kc7 32. Re7+ Kc6 33. Rxg7 h5
34. Kf1 Ra8 35. Rf7 Rxa4 36. Rxf5 h4 37. Rf4 Kd5 38. Rxh4 Rxd4 39. Rxd4+ Kxd4
40. Ke1 b5 41. Kd1 Ke5 42. Kc1 Kf5 43. Kb1 Kg5 44. Ka2 Kh4 45. Kb3 Kxh3 46. Kxc3
Kh4 47. Kb4 Kg5 48. Kxb5 Kf4 49. c4 1-0

[Event "Challenge"]
[Site "http://www.queenalice.com/game.php?id=585320"]
[Date "2009.5.8"]
[Round "-"]
[White "manucies"]
[Black "Montealto"]
[Result "0-1"]
[WhiteElo "1567"]
[BlackElo "1672"]

1. e4 e5 2. Nf3 Nc6 3. Bb5 Nf6 4. Bxc6 dxc6 5. d3 Be7 6. Nc3 O-O 7. O-O Qd6 8.
Bg5 b5 9. Bxf6 Bxf6 10. a3 b4 11. axb4 Qxb4 12. Qd2 Qxb2 13. Rfb1 Qb8 14. Rxb8
Rxb8 15. d4 Rd8 16. Rxa7 exd4 17. Ne2 Rd7 18. e5 Be7 19. Qf4 f5 20. e6 Bd6 21.
Qxf5 Rb1+ 0-1

[Event "Cuti"]
[Site "http://www.queenalice.com/game.php?id=610292"]
[Date "2009.6.28"]
[Round "1"]
[White "Montealto"]
[Black "jj12345"]
[Result "0-1"]
[WhiteElo "1706"]
[BlackElo "2053"]

1. e4 c5 2. Bc4 e6 3. Nf3 a6 4. d4 cxd4 5. b4 Bxb4+ 6. Bd2 Qa5 7. O-O Nc6 8.
Nxd4 Bxd2 9. Nxc6 dxc6 10. Nxd2 Nf6 11. Nb3 Qc3 0-1

[Event "AUTO-OPEN-1627"]
[Site "http://www.queenalice.com/game.php?id=621297"]
[Date "2009.7.19"]
[Round "1"]
[White "iamtherealtylerdurden"]
[Black "Montealto"]
[Result "1-0"]
[WhiteElo "2307"]
[BlackElo "1713"]

1. c4 e5 2. g3 Bc5 3. Bg2 Nf6 4. Nc3 c6 5. d3 Qb6 6. e3 O-O 7. Nf3 Re8 8. O-O d5
9. Na4 Qa5 10. Nxc5 Qxc5 11. Nxe5 d4 12. exd4 Qxd4 13. Nf3 Qd6 14. Bf4 Qb4 15.
Qc2 Bf5 16. a3 1-0

[Event "AUTO-OPEN-1627"]
[Site "http://www.queenalice.com/game.php?id=621298"]
[Date "2009.7.19"]
[Round "1"]
[White "Montealto"]
[Black "iamtherealtylerdurden"]
[Result "0-1"]
[WhiteElo "1711"]
[BlackElo "2308"]

1. e4 c5 2. Bc4 e6 3. Nf3 Nc6 4. c3 d5 5. exd5 exd5 6. Bb5 Bd6 7. O-O Ne7 8. Re1
O-O 9. d4 Bg4 10. h3 Bxf3 11. Qxf3 cxd4 12. Bxc6 Nxc6 13. Qxd5 Bh2+ 14. Kxh2
Qxd5 15. Bf4 Rae8 0-1

[Event "AUTO-OPEN-1627"]
[Site "http://www.queenalice.com/game.php?id=621321"]
[Date "2009.7.19"]
[Round "1"]
[White "Montealto"]
[Black "paloberto"]
[Result "0-1"]
[WhiteElo "1709"]
[BlackElo "1817"]

1. e4 e5 2. Bc4 Nf6 3. Nc3 Nc6 4. Nf3 Bc5 5. Ng5 O-O 6. d3 h6 7. Nh3 d6 8. O-O
Nd4 9. Be3 Bg4 10. f3 Bh5 11. g4 Bg6 12. Nd5 c6 13. Nxf6+ Qxf6 14. Bxd4 Bxd4+
15. Kh1 b5 16. Bb3 Bxb2 17. Rb1 Bd4 18. f4 a5 19. a4 b4 20. fxe5 Qxe5 21. c4
bxc3 22. Nf4 Bh7 23. Qf3 Rac8 24. Nh5 Bg6 25. Bc4 Rb8 26. Rxb8 Rxb8 27. Bxf7+
Kh7 28. Bxg6+ Kxg6 29. Qf7+ Kh7 0-1

[Event "AUTO-OPEN-1627"]
[Site "http://www.queenalice.com/game.php?id=621322"]
[Date "2009.7.19"]
[Round "1"]
[White "paloberto"]
[Black "Montealto"]
[Result "1-0"]
[WhiteElo "1742"]
[BlackElo "1724"]

1. e4 e5 2. Nf3 Nc6 3. Bb5 Bc5 4. O-O Nd4 5. Nxd4 exd4 6. c3 c6 7. Ba4 Qh4 8.
Qf3 Nf6 9. Bb3 Qxe4 10. Qxe4+ Nxe4 11. Re1 d5 12. d3 dxc3 13. Kf1 cxb2 14. Bxb2
O-O 15. dxe4 Be6 16. e5 f5 17. Nc3 b5 18. Re2 b4 19. Na4 Bb6 20. Nxb6 axb6 21.
f4 c5 22. Bc2 d4 23. Bb1 d3 24. Bxd3 Rxa2 25. Rxa2 Bxa2 26. e6 g6 27. Bb5 1-0

[Event "AUTO-OPEN-1627"]
[Site "http://www.queenalice.com/game.php?id=621323"]
[Date "2009.7.19"]
[Round "1"]
[White "Montealto"]
[Black "Guille"]
[Result "0-1"]
[WhiteElo "1655"]
[BlackElo "1727"]

1. e4 c6 2. Bc4 d5 3. exd5 cxd5 4. Bb3 Nf6 5. c4 Nc6 6. Nc3 e6 7. Nh3 Be7 8. Nf4
d4 9. Nce2 Bc5 10. O-O O-O 11. f3 d3+ 12. Kh1 dxe2 13. Nxe2 b6 14. d4 Bd6 15. d5
Ne5 16. Bf4 Nh5 17. Bxe5 Bxe5 18. dxe6 Bxe6 19. f4 Bxb2 20. Rb1 Ba3 21. g4 Bxg4
22. Bc2 Qe7 23. Qd3 f5 24. Rbe1 Bb4 25. Nc3 Qb7+ 26. Nd5 Nf6 27. Re7 Bxe7 28.
Kg2 Rad8 29. h3 Nxd5 30. cxd5 Rxd5 31. Bb3 Rd8 32. hxg4 Kh8 33. Bxd5 Rxd5 34.
Qh3 Rd3+ 35. Rf3 fxg4 0-1

[Event "AUTO-OPEN-1627"]
[Site "http://www.queenalice.com/game.php?id=621324"]
[Date "2009.7.19"]
[Round "1"]
[White "Guille"]
[Black "Montealto"]
[Result "1-0"]
[WhiteElo "1763"]
[BlackElo "1642"]

1. e4 e5 2. Nf3 Nc6 3. Bc4 d6 4. d3 f5 5. Ng5 Nh6 6. Nc3 Be7 7. Be6 Bxg5 8. Bxg5
Qxg5 9. Bd5 f4 10. Qe2 Nd4 11. Qd2 Nf7 12. O-O-O f3 13. Bxf7+ Kxf7 14. Qxg5 h6
15. Qh5+ g6 16. Qh4 fxg2 17. Nd5 g5 18. Qh5+ Kg7 19. Ne7 Kf8 20. Ng6+ Kg7 21.
Nxh8 Be6 22. Qg6+ Kxh8 23. Qxh6+ Kg8 24. Qxg5+ Kf7 25. Qxg2 Rg8 26. Qf1 Bg4 27.
Re1 Bf3 28. Rg1 Ne2+ 29. Rxe2 Bxe2 30. Qe1 1-0